Pobreza, desigualdad social y ciudadanía: los límites de las políticas sociales en América Latina /

Αποθηκεύτηκε σε:
Λεπτομέρειες βιβλιογραφικής εγγραφής
Κύριος συγγραφέας: Ziccardi, Alicia
Άλλοι συγγραφείς: comp
Μορφή: Κείμενο
Έκδοση: Buenos Aires: CLACSO. ASDI
Θέματα:
Ετικέτες: Προσθήκη ετικέτας
Δεν υπάρχουν, Καταχωρήστε ετικέτα πρώτοι!

MARC

LEADER 00000 a a2200000 04500
001 19275
003
040
090 |a 145600  
100 |a Ziccardi, Alicia  
245 |a Pobreza, desigualdad social y ciudadanía: los límites de las políticas sociales en América Latina /  |c Alicia Ziccardi 
260 |a Buenos Aires:   |b CLACSO. ASDI  
300 |a 462 p  
300 |b **no definido**   |b fonodiscos  
500 |a Disponible en Cd, en No. 194101  
650 |a SOCIEDAD  
650 |a CONDICIONES ECONOMICAS  
650 |a POBREZA  
650 |a POLITICA SOCIAL  
650 |a CIUDADES  
650 |a ZONAS URBANAS  
700 |a comp  
999 |c 1700  |d 1700